000 00267 a2200085 4500
020 _a978-1032325385
100 _aJoel Robinson
245 _aThe City on Display: Architecture Festivals and the Urban Commons (Routledge Research in Architecture)
260 _bRoutledge
_c2024
999 _c13195
_d13195